China and Africa, 1949-1970 ; the foreign policy of the People's Republic of China /

Bibliographic Details
Main Author: Larkin, Bruce D., 1936-
Format: Book
Language:English
Published: Berkeley : University of California Press, 1971.
Subjects:

MARC

Tag First Indicator Second Indicator Subfields
LEADER 00000cam a2200000 4500
001 in00000282948
005 20151010090913.0
008 710909s1971 cau b 00110 eng
010 |a  78123624  
020 |a 0520017617  |c $8.50 
035 |a (OCoLC)00161405 
035 |9 ABG4957AM 
040 |a DLC  |c DLC  |d TXA  |d UtOrBLW 
043 |a f------  |a a-cc--- 
049 |a TXAM  |c [920307] 
050 0 0 |a DT38.9.C5  |b L38 1971 
082 0 |a 327.51/06 
100 1 |a Larkin, Bruce D.,  |d 1936- 
245 1 0 |a China and Africa, 1949-1970 ;  |b the foreign policy of the People's Republic of China /  |c [by] Bruce D. Larkin. 
264 1 |a Berkeley :  |b University of California Press,  |c 1971. 
300 |a 268 pages ;  |c 24 cm. 
336 |a text  |b txt  |2 rdacontent 
337 |a unmediated  |b n  |2 rdamedia 
338 |a volume  |b nc  |2 rdacarrier 
504 |a Bibliography: pages [245]-256. 
651 0 |a Africa  |x Foreign relations  |z China. 
651 0 |a China  |x Foreign relations  |z Africa. 
999 |a MARS 
999 f f |s 0fffdbfe-d80e-3b21-8dba-587870119e12  |i cabc3b87-5624-3f1b-8c87-7f60cf3e2418  |t 0 
952 f f |p normal  |a Texas A&M University  |b College Station  |c Sterling C. Evans Library  |d Evans: Library Stacks  |t 0  |e DT38.9.C5 L38 1971  |h Library of Congress classification  |i unmediated -- volume  |m A14802085778 
998 f f |a DT38.9.C5 L38 1971  |t 0  |l Evans: Library Stacks